书目信息 |
| 题名: |
农业气象预报
|
|
| 作者: | 王建林 , 吕厚荃 , 张国平 , 宁迎波 编著 | |
| 分册: | ||
| 出版信息: | 北京 气象出版社 2005.01 |
|
| 页数: | 170页, [8] 页图版 | |
| 开本: | 20cm | |
| 丛书名: | ||
| 单 册: | ||
| 中图分类: | S165 | |
| 科图分类: | ||
| 主题词: | 农业气象预报 | |
| 电子资源: | ||
| ISBN: | 7-5029-3911-3 | |
| 000 | 01059nam0 2200265 450 | |
| 001 | 010255054157 | |
| 005 | 20050912145048.00 | |
| 010 | @a7-5029-3911-3@dCNY20.00 | |
| 100 | @a20050912d2005 km y0chiy0120 ea | |
| 101 | 0 | @achi |
| 102 | @aCN@b110000 | |
| 105 | @aaf z 000yy | |
| 200 | 1 | @a农业气象预报@Anong ye qi xiang yu bao@f王建林 … [等] 编著@Fwang jian lin…[deng]bian zhu |
| 210 | @a北京@c气象出版社@d2005.01 | |
| 215 | @a170页, [8] 页图版@c图表@d20cm | |
| 304 | @a本书著者有王建林, 吕厚荃, 张国平, 宁迎波等。 | |
| 330 | @a本书从业务服务的角度出发,简单地介绍了农业气象产量预报、作物种植面积遥感提取、作物长势遥感监测与估产、作物发育期预报、农田土壤水分与农业干旱预报、小麦赤霉病发生发展气象预报、农用天气预报的技术方法;在此基础上,还介绍了农业气象预报业务系统。 | |
| 606 | 0 | @a农业气象预报 |
| 690 | @aS165@v4 | |
| 701 | 0 | @a王建林@Awang jian lin@4编著 |
| 701 | 0 | @a吕厚荃@Alu hou quan@4编著 |
| 701 | 0 | @a张国平@Azhang guo ping@4编著 |
| 701 | 0 | @a宁迎波@Aning ying bo@4编著 |
| 801 | 0 | @aCN@bQSSK@c20050912 |
| 905 | @a10447@dS165@eW223 | |
| 农业气象预报/王建林 … [等] 编著.-北京:气象出版社,2005.01 |
| 170页, [8] 页图版:图表;20cm |
| ISBN 7-5029-3911-3:CNY20.00 |
| 本书从业务服务的角度出发,简单地介绍了农业气象产量预报、作物种植面积遥感提取、作物长势遥感监测与估产、作物发育期预报、农田土壤水分与农业干旱预报、小麦赤霉病发生发展气象预报、农用天气预报的技术方法;在此基础上,还介绍了农业气象预报业务系统。 |
| ● |
| 相关链接 |
|
|
|
正题名:农业气象预报
索取号:S165/W223
 
预约/预借
| 序号 | 登录号 | 条形码 | 馆藏地/架位号 | 状态 | 备注 |
| 1 | 569343 | 205693436 | 自科库401/401自科库 66排7列2层/ [索取号:S165/W223] | 在馆 | |
| 2 | 569344 | 205693445 | 自科库401/401自科库 66排7列2层/ [索取号:S165/W223] | 在馆 | |
| 3 | 569345 | 205693454 | 自科库401/401自科库 66排7列2层/ [索取号:S165/W223] | 在馆 |